000 00403nam a2200157Ia 4500
008 210719s1888 xx 000 0 und d
041 _aeng
082 _a820.9 MORE
100 _aMORLEY (John) Ed
245 _aEnglish men of letters.
260 _aLondon
_bMacmillan & Co. Ltd.
_c1888
300 _ax,586
_bHB
365 _cRs
650 _aEnglish Criticism
906 _aCharles Lamb Addison Swift
999 _c214152
_d214152